00589nam a22001937a 450000500170000001000470001702000260006403500140009003500170010403700240012103700130014508200060015810000180016424500700018226000390025227000620029130000200035370000220037320180705153442.0 a1718EN-30 ENG-121827 B-688263-274 c100.00a9788126042531 aEN-105359 aB-688263-274 bSahitya Akadmiadpl bDBAD/PUB aS aSwami, Chetan aKasturi Mrig / cby Chetan Swami ; translated by Jyotika Elhance  aNew Delhi bSahitya Academi c2016 bNew Delhi aRabindra Bhawan, 35, Fiiroz Shah Marge110001 a87p.c21cm(pbk) aElhance, Jyotika